1449 1169 1038 1177 1371 1813 1503 1315 1870 1515 1787 1579 1110 1058 1240 1923 1419 1525 1653 1756 1238 1655 1829 1337 1660 1421 1605 1768 2000 1407 1928 1930 1422 1804 1155 1098 1128 1136 1723 1656 1326 1831 1076 1647 1424 1315 1384 1698 1698 1882 1060 1248 1734 1145 1858 1841 1878 1114 1268 1029 1815 1043 1590 1005 1242 1142 1868 1492 1775 1058 1439 1816 1569 1270 1692 1529 1645 1705 1312 1522 1598 1858 1054 1066 1987 1462 1022 1742 1208 1428 1311 1406 1529 1190 1822 1396 1376 1885 1603 BCNSPRNW ULIB Ver.6.0+V

เปลี่ยนเป็นภาษาไทย

Change to English
 แสดงรายละเอียดบรรณานุกรม
  กลับหน้าหลัก

Brief Record : Get Marc (ISO 2709) : E-mail record : QR code < ปิดหน้าต่าง
LEADER : 00000nam 2200000uu 4500
001    13399122925
003     ULIB
008    131030s2012||||th 000 0 eng d
020    ^a9789742991814
060  4 ^aWA525^bT364
245 00 ^aThailand's universal coverage scheme :^bachievements and challenges : an independent assessment of the first 10 years (2001-2010) synthesis report /^cHealth Insurance System Research Office, Bamrasnardura Infectious Disease Institute
250    ^a1st ed.
260    ^aNonthaburi :^bHealth Insurance System Research Office, Bamrasnardura Infectious Disease Institute,^c2012
300    ^a120 p. :^bill.,^c24 cm.
650  2 ^aInsurance, Health^zThailand
650  4 ^aUniversal Health Coverage Project^zThailand
710 2  ^aBamrasnardura Infectious Disease Institute.^bHealth Insurance System Research Office
945    ^p0^l0^i034144
945    ^p0^l0^i034145
999    ^aเกษร โพธิ์สุวรรณ
รายการนี้ยังไม่มีแท็ก
คุณยังไม่ได้ล็อกอิน คุณสามารถมีกิจกรรมร่วมกับเว็บไซต์ได้ แต่ต้องล็อกอินก่อน ::
  ล็อกอิน

รายการสื่อสารสนเทศ

ลำดับที่ ประเภท เลขเรียก/บาร์โค้ด สถานที่ สถานะ
1. วิทยาศาสตร์การแพทย์ และสุขภาพ
หนังสือสำรอง
สถานะ=หนังสือสำรอง
WA525 T364 ฉ.1 
  Barcode: 034144
ห้องสมุดวิทยาเขตสวรรค์ประชารักษ์
►หนังสือทั่วไป
บนชั้น
2. วิทยาศาสตร์การแพทย์ และสุขภาพ
วิทยาศาสตร์การแพทย์ และสุขภาพ
WA525 T364 ฉ.2 
  Barcode: 034145
ห้องสมุดวิทยาเขตสวรรค์ประชารักษ์
►หนังสือทั่วไป
บนชั้น

BibComment


ยังไม่เคยถูกคอมเมนท์

คอมเมนท์ทรัพยากรรายการนี้
  คอมเมนท์: Thailands univer..


 Copyright 2026. Bcnsprnw @Library